[Event "FIDE World Uni Blitz-C 1st"]
[Site "Tornelo INT"]
[Date "2021.03.13"]
[Round "6.41"]
[White "Nyambileg, Erdene Ochir"]
[Black "Vikrant, Jaglan"]
[Result "1-0"]
[WhiteElo "2038"]
[BlackElo "1626"]
[PlyCount "81"]
[EventDate "2021.03.13"]
[EventType "swiss (blitz)"]
[EventRounds "10"]
[EventCountry "NET"]
[SourceTitle "EXT 2022"]
[Source "ChessBase"]
[SourceDate "2021.10.06"]
[SourceVersion "1"]
[SourceVersionDate "2021.10.06"]
[SourceQuality "1"]

1. d4 Nf6 2. c4 g6 3. Nc3 d5 4. Nf3 Bg7 5. Bf4 0-0 6. e3 e6 7. Bd3 b6 8. Nb5 Na6 9. 0-0 Nh5 10. Be5 f6 11. Bg3 Nxg3 12. hxg3 c6 13. Nc3 Nb4 14. Be2 c5 15. a3 cxd4 16. Nxd4 Na6 17. cxd5 Bb7 18. Nxe6 Qd6 19. Nxf8 Bxf8 20. Nb5 Qe5 21. d6 Rd8 22. Bc4+ Kh8 23. Qg4 Nc5 24. b4 Ne4 25. Rad1 a6 26. Nc7 Rxd6 27. Rxd6 Nxd6 28. Ne6 Bc8 29. Bb3 h5 30. Qf4 Qxf4 31. gxf4 Be7 32. Rc1 Kh7 33. Nd4 g5 34. Rc7 Kg6 35. Rxe7 gxf4 36. exf4 h4 37. Bc2+ f5 38. Rc7 Kf6 39. Rc6 Ke7 40. Rxb6 Nc4 41. Rc6 1-0

[Event "Wch U20 57th"]
[Site "Manavgat"]
[Date "2018.09.13"]
[Round "9"]
[White "Nyambileg, Erdene Ochir"]
[Black "Sanal, Vahap"]
[Result "0-1"]
[WhiteElo "1798"]
[BlackElo "2502"]
[PlyCount "66"]
[EventDate "2018.09.05"]
[EventType "swiss"]
[EventRounds "11"]
[EventCountry "TUR"]
[SourceTitle "CBM 186 Extra"]
[Source "ChessBase"]
[SourceDate "2018.08.24"]
[SourceVersion "1"]
[SourceVersionDate "2018.08.24"]
[SourceQuality "1"]

1. d4 Nf6 2. c4 e6 3. Nf3 b6 4. a3 Bb7 5. Nc3 d5 6. Bf4 Bd6 7. Bg3 0-0 8. e3 c5 9. dxc5 bxc5 10. Be2 h6 11. Rc1 Bxg3 12. hxg3 Nbd7 13. 0-0 Qe7 14. cxd5 exd5 15. Qc2 Rac8 16. Rfd1 Nb6 17. Qf5 Rfe8 18. a4 a5 19. Bb5 Red8 20. Bd3 Rb8 21. Ne5 g6 22. Qf4 Nh5 23. Qxh6 Qxe5 24. Bxg6 Nf6 25. Bb1 Nbd7 26. g4 Nxg4 27. Bh7+ Kh8 28. Qh3 Ngf6 29. f4 Qh5 30. Qxh5 Nxh5 31. Bf5 Nb6 32. Kf2 Nf6 33. Nb5 Bc8 0-1